Teoria y praxis / (Record no. 129283)

MARC details
000 -LEADER
campo de control de longitud fija 00635nam a2200217 i 4500
001 - NÚMERO DE CONTROL
campo de control 129283
003 - IDENTIFICADOR DE NÚMERO DE CONTROL
campo de control ES-MaACL
005 - FECHA Y HORA DE LA ÚLTIMA TRANSACCIÓN
campo de control 20230906193454.0
007 - CAMPO FIJO DE DESCRIPCIÓN FÍSICA--INFORMACIÓN GENERAL
campo de control de longitud fija t|
008 - DATOS DE LONGITUD FIJA--INFORMACIÓN GENERAL
campo de control de longitud fija 070611s1977 sp ||||1| spa d
080 ## - NÚMERO DE LA CLASIFICACIÓN DECIMAL UNIVERSAL
Número de la Clasificación Decimal Universal 1:061.3(100)"1975"
080 ## - NÚMERO DE LA CLASIFICACIÓN DECIMAL UNIVERSAL
Número de la Clasificación Decimal Universal 061.3(100)"1975":1
245 00 - MENCIÓN DEL TÍTULO
Título Teoria y praxis /
Mención de responsabilidad, etc. Etienne Balibar, Claude Berger, Gustavo Bueno...[et al.].
260 ## - PUBLICACIÓN, DISTRIBUCIÓN, ETC.
Lugar de publicación, distribución, etc. Valencia :
Nombre del editor, distribuidor, etc. Fernando Torres,
Fecha de publicación, distribución, etc. 1977.
300 ## - DESCRIPCIÓN FÍSICA
Extensión 224 p. ;
Dimensiones 18 cm.
490 1# - MENCIÓN DE SERIE
Mención de serie Interdisciplinar
700 1# - ENTRADA AGREGADA--NOMBRE PERSONAL
Nombre de persona Balibar, Etienne.
9 (RLIN) 24936
830 0# - PUNTO DE ACCESO ADICIONAL DE SERIE-TÍTULO UNIFORME
Título uniforme Interdisciplinar
9 (RLIN) 182330
852 ## - LOCALIZACIÓN
Ubicación ES-MaACL
Número de control de estantería A-7898
Sublocalización o colección R.96571
Holdings
Estatus retirado Estado de pérdida Estado de daño No para préstamo Biblioteca de origen Biblioteca actual Ubicación en estantería Fecha de adquisición Fuente de adquisición Total de préstamos Signatura topográfica completa Código de barras Visto por última vez Precio de reemplazo Tipo de ítem Koha
        Biblioteca del Ateneo de Madrid Biblioteca del Ateneo de Madrid Sala Pecera Planta 1 17/01/2008     A-7898 1134632 23/02/2023 23/02/2023 Libro impreso